|
|
|
|
| LEADER |
01484nam a2200385 a 4500 |
| 001 |
EBC918230 |
| 003 |
MiAaPQ |
| 005 |
20200520144314.0 |
| 006 |
m o d | |
| 007 |
cr cn||||||||| |
| 008 |
120614s2013 njua sb 001 0 eng d |
| 010 |
|
|
|z 2012022595
|
| 020 |
|
|
|z 9781118397435 (cloth)
|
| 020 |
|
|
|a 9781118421796 (electronic bk.)
|
| 035 |
|
|
|a (MiAaPQ)EBC918230
|
| 035 |
|
|
|a (Au-PeEL)EBL918230
|
| 035 |
|
|
|a (CaPaEBR)ebr10613139
|
| 035 |
|
|
|a (CaONFJC)MIL401275
|
| 035 |
|
|
|a (OCoLC)795645162
|
| 040 |
|
|
|a MiAaPQ
|c MiAaPQ
|d MiAaPQ
|
| 050 |
|
4 |
|a HG4028.V3
|b L37 2013
|
| 082 |
0 |
4 |
|a 332.63/221
|2 23
|
| 100 |
1 |
|
|a Larrabee, David T.
|
| 245 |
1 |
0 |
|a Valuation techniques
|h [electronic resource] :
|b discounted cash flow, earnings quality, measures of value added, and real options /
|c David T. Larrabee and Jason A. Voss.
|
| 260 |
|
|
|a Hoboken, N.J. :
|b John Wiley & Sons,
|c c2013.
|
| 300 |
|
|
|a x, 608 p. :
|b ill.
|
| 440 |
|
0 |
|a CFA Institute investment perspectives series
|
| 504 |
|
|
|a Includes bibliographical references and index.
|
| 533 |
|
|
|a Electronic reproduction. Ann Arbor, MI : ProQuest, 2015. Available via World Wide Web. Access may be limited to ProQuest affiliated libraries.
|
| 650 |
|
0 |
|a Corporations
|x Valuation.
|
| 650 |
|
0 |
|a Investment analysis.
|
| 655 |
|
4 |
|a Electronic books.
|
| 700 |
1 |
|
|a Voss, Jason Apollo.
|
| 710 |
2 |
|
|a ProQuest (Firm)
|
| 856 |
4 |
0 |
|u https://ebookcentral.proquest.com/lib/matrademy/detail.action?docID=918230
|z Click to View
|